Подход к разработке интерактивного учебного курса по физике с использованием АСУ ПДС; Повышение качества непрерывного профессионального образования; Ч. 2

Bibliografiske detaljer
Parent link:Повышение качества непрерывного профессионального образования: материалы всероссийской научно-методической конференции с международным участием, 20-22 апреля 2006 г., Красноярск.— , 2006
Ч. 2.— 2005.— С. 246-249
Hovedforfatter: Лисичко Е. В. Елена Владимировна
Andre forfattere: Созоров Н. Г. Николай Георгиевич
Summary:В фонде НТБ ТПУ отсутствует
Sprog:russisk
Udgivet: 2005
Fag:
Format: MixedMaterials Book Chapter
KOHA link:https://koha.lib.tpu.ru/cgi-bin/koha/opac-detail.pl?biblionumber=599878

MARC

LEADER 00000naa0a2200000 4500
001 599878
005 20250724093124.0
035 |a (RuTPU)RU\TPU\tpu\24032 
035 |a RU\TPU\tpu\24014 
090 |a 599878 
100 |a 20131127d2006 k||y0rusy50 ca 
101 0 |a rus 
102 |a RU 
200 1 |a Подход к разработке интерактивного учебного курса по физике с использованием АСУ ПДС  |f Е. В. Лисичко, Н. Г. Созоров 
333 |a В фонде НТБ ТПУ отсутствует 
461 |t Повышение качества непрерывного профессионального образования  |o материалы всероссийской научно-методической конференции с международным участием, 20-22 апреля 2006 г., Красноярск  |o в 2 ч.  |d 2006 
463 |t Ч. 2  |v С. 246-249  |d 2005 
610 1 |a труды учёных ТПУ 
700 1 |a Лисичко  |b Е. В.  |c физик  |c доцент Томского политехнического университета, кандидат педагогических наук  |f 1972-  |g Елена Владимировна  |3 (RuTPU)RU\TPU\pers\28369  |9 13260 
701 1 |a Созоров  |b Н. Г.  |c специалист в области информатизации образования  |c заведующий лабораторией Томского политехнического университета  |f 1957-  |g Николай Георгиевич  |3 (RuTPU)RU\TPU\pers\26864  |4 070 
801 1 |a RU  |b 63413507  |c 20131102 
801 2 |a RU  |b 63413507  |c 20131127  |g RCR 
850 |a 63413507 
942 |c BK